| 000 | 00605cam a2200217 4500500 | ||
|---|---|---|---|
| 005 | 20260405003832.0 | ||
| 041 | _afre | ||
| 042 | _adc | ||
| 100 | 1 | 0 |
_aMaillard, Denis _eauthor |
| 245 | 0 | 0 | _aLe Volume du temps. Tome 1 |
| 260 | _c2024. | ||
| 500 | _a90 | ||
| 690 | _aArthur Dreyfus | ||
| 690 | _aBergson | ||
| 690 | _aDanemark | ||
| 690 | _aDurée | ||
| 690 | _aTemps | ||
| 690 | _aVertige | ||
| 786 | 0 | _nPhilosophie magazine | 178 | 4 | 2024-04-01 | p. 47-48 | 1951-1787 | |
| 856 | 4 | 1 | _uhttps://shs.cairn.info/magazine-philosophie-magazine-2024-4-page-47?lang=fr&redirect-ssocas=7080 |
| 999 |
_c2071302 _d2071302 |
||